| 000 | 01331nam0a2200337 4500 | ||
|---|---|---|---|
| 001 | RU\NLR\BIBL_A\022516914 | ||
| 005 | 20250627150618.0 | ||
| 010 | _a5-7900-0689-2 | ||
| 035 | _a(NLR Aleph) 022516914 | ||
| 090 |
_a13396539 _c13396539 |
||
| 100 | _a20250409d1991 |||y0rusy50 ca | ||
| 101 | 0 | _alit | |
| 102 | _aLT | ||
| 105 | _aa z 000gy | ||
| 181 | 0 |
_ai3 _baxxe |
|
| 182 | 0 | _an | |
| 200 | 1 |
_aKovos keliu žengiant _eVakarų Lietuvos partizanų eilėraščiai ir dainos 1945-1953 metai _fiš Vakarų (Jūros) srities partizanų leidinių atrinko ir parengė spaudai Leonas Gudaitis |
|
| 203 |
_aТекст _bвизуальный _cнепосредственный |
||
| 210 |
_aVilnius _cVyturys _d1991 |
||
| 215 |
_a296 с., [4] л. ил., цв. ил. _cил. _d21 |
||
| 320 | _aБиблиогр. в сокр.: с. 289-290 | ||
| 541 | 1 | _aВступая на путь борьбы. Стихи и песни партизан Западной Литвы 1945 - 1953 | |
| 606 | 1 |
_aПартизанские песни литовские _92501125 _3RU\NLR\AUTH\661483412 |
|
| 686 | 1 | _aШ3(233.1=Ли)-631.0 | |
| 686 | 1 | _aЩ319.41(2)партиз. | |
| 702 | 1 |
_aGudaitis _bL. _gLeonas _4220 |
|
| 942 | _cBOOK | ||
| 980 | _aNB | ||